| 000 | 00447nam a2200181Ia 4500 | ||
|---|---|---|---|
| 003 | OSt | ||
| 005 | 20250130142046.0 | ||
| 008 | 210210b1956 xxu||||| |||| 00| 0 eng d | ||
| 040 | _cAL | ||
| 041 | _akan | ||
| 082 | _a859/835 | ||
| 100 |
_aDINESH _9144969 _dದಿನೇಶ್ |
||
| 245 |
_aDIpadarshana: _bದೀಪದರ್ಶನ |
||
| 260 |
_aBengaluru _b- _c1956 |
||
| 690 |
_aKannada Fiction _9144970 |
||
| 906 | _a021594 | ||
| 942 |
_2ddc _cBK |
||
| 999 |
_c145682 _d145682 |
||